000 01194cab a2200229 4500
001 ABS67458
008 040126n2003 000 0 eng u
035 _a(Sirsi) u124904
100 _aWalshe, P.
245 _aManagement plans as multi-purpose agreements between the landed estate and the state
260 _c2003
490 _aChristie's Bulletin for Professional Advisers
_v8(2) Winter, 1-17(6)
520 _aDiscusses the inception and implementation of heritage landscape management plans. In particular it covers the purpose and value of these plans from their establishment and discusses agreements reached by various organisations including English Heritage and English Nature. Plans for estates such as Stourhead and Blenheim Palace were first devised in the 1970s and used for a range of land and property agreements between the state and the individual estates. These plans have also been employed as ways of managing exemption of properties from inheritance tax.
590 _aABS
650 _aCOUNTRY ESTATES
650 _aMANAGEMENT PLANS
650 _aHERITAGE
650 _aTAX
650 _aTAX EXEMPTIONS
690 _aPROPERTY MANAGEMENT
_96262
942 _n0
999 _c74071
_d74071